000 00480nam a2200157Ia 4500
008 230907s9999||||xx |||||||||||||| ||und||
082 _a621.4
_bMUN
100 _aMunib Ullah (00000206912)
_9116586
245 0 _aDesign of Linear Quadratic Regulator (LQR) Controller for Sepic Converter /
260 _aUSPCAS-E, NUST,
_bIslamabad :
_c2021
300 _a56 p.
520 _aTH-281
650 _aMS-EEP Thesis
_9116587
700 _aDr Abasin Ulasyar
_9117719
942 _cTHE
_2ddc
999 _c601959
_d601959